<?xml version="1.0" encoding="UTF-8"?>
<collection xmlns="http://www.loc.gov/MARC21/slim">
 <record>
  <leader>03980nam a2200445 a 4500</leader>
  <controlfield tag="001">1/48740</controlfield>
  <controlfield tag="008">190516s2018    gr a     b    000 0 gre  </controlfield>
  <datafield tag="020" ind1=" " ind2=" ">
   <subfield code="a">9786185131456</subfield>
  </datafield>
  <datafield tag="035" ind1=" " ind2=" ">
   <subfield code="l">51738</subfield>
  </datafield>
  <datafield tag="040" ind1=" " ind2=" ">
   <subfield code="a">GR-PeUP</subfield>
  </datafield>
  <datafield tag="082" ind1="0" ind2="0">
   <subfield code="a">658.15 ΒΑΣ</subfield>
  </datafield>
  <datafield tag="100" ind1="1" ind2=" ">
   <subfield code="a">Βασιλείου, Δημήτριος Κ.</subfield>
  </datafield>
  <datafield tag="245" ind1="1" ind2="0">
   <subfield code="a">Χρηματοοικονομική διοίκηση :  </subfield>
   <subfield code="b">Θεωρία και πρακτική /</subfield>
   <subfield code="c">Δημήτριος Βασιλείου, Νικόλαος Ηρειώτης.</subfield>
  </datafield>
  <datafield tag="250" ind1=" " ind2=" ">
   <subfield code="a">2η έκδοση.</subfield>
  </datafield>
  <datafield tag="260" ind1=" " ind2=" ">
   <subfield code="a">Αθήνα :</subfield>
   <subfield code="b">Rosili,</subfield>
   <subfield code="c">2018.</subfield>
  </datafield>
  <datafield tag="300" ind1=" " ind2=" ">
   <subfield code="a">830 σ. :</subfield>
   <subfield code="b">εικ. ;</subfield>
   <subfield code="c">24 εκ.</subfield>
  </datafield>
  <datafield tag="500" ind1=" " ind2=" ">
   <subfield code="a">Online υλικό υποστήριξης για τον αναγνώστη.</subfield>
  </datafield>
  <datafield tag="500" ind1=" " ind2=" ">
   <subfield code="a">Μέρος Α: Κεφάλαιο 1. Εισαγωγή -- Κεφάλαιο 2. Διαχρονική αξία του χρήματος -- Κεφάλαιο 3. Ανάλυση χρηματοοικονομικών δεικτών -- Κεφάλαιο 4. Ανάλυση ταμειακών ροών -- Κεφάλαιο 5. Κόστος κεφαλαίου -- Κεφάλαιο 6. Προϋπολογισμός επενδύσεων κεφαλαίου -- Κεφάλαιο 7. Κίνδυνος και προϋπολογισμός επενδύσεων κεφαλαίου -- Κεφάλαιο 8. Ανάλυση μόχλευσης -- Κεφάλαιο 9. Κεφαλαιακή διάρθρωση -- Κεφάλαιο 10. Πολιτική μερίσματος -- Κεφάλαιο 11. Πρόβλεψη χρηματοδοτικών αναγκών -- Κεφάλαιο 12. Διοίκηση κεφαλαίου κίνησης -- Κεφάλαιο 13. Διοίκηση διαθέσιμων -- Κεφάλαιο 14. Διοίκηση χρεογράφων -- Κεφάλαιο 15. Διοίκηση απαιτήσεων -- Κεφάλαιο 16. Διοίκηση αποθεμάτων -- Κεφάλαιο 17. Χρηματοδοτική μίσθωση -- Κεφάλαιο 18. Εταιρίες κεφαλαίου επιχειρηματικών συμμετοχών -- Κεφάλαιο 19. Πρακτορεία επιχειρηματικών απαιτήσεων -- Μέρος Β: Μελέτες περίπτωσης -- Συνολική βιβλιογραφία -- Προσάρτημα.</subfield>
  </datafield>
  <datafield tag="500" ind1=" " ind2=" ">
   <subfield code="a">Το βιβλίο αυτό ενδεικνύεται για: Φοιτητές ΑΕΙ &amp; ΤΕΙ - Στελέχη επιχειρήσεων.</subfield>
  </datafield>
  <datafield tag="504" ind1=" " ind2=" ">
   <subfield code="a">Περιλαμβάνει βιβλιογραφικές παραπομπές (σ. 821 - 830)</subfield>
  </datafield>
  <datafield tag="650" ind1=" " ind2="4">
   <subfield code="a">Χρηματοοικονομική ανάλυση.</subfield>
  </datafield>
  <datafield tag="650" ind1=" " ind2="4">
   <subfield code="a">Χρηματοοικονομική διοίκηση.</subfield>
  </datafield>
  <datafield tag="650" ind1=" " ind2="4">
   <subfield code="a">Προγραμματισμός.</subfield>
  </datafield>
  <datafield tag="650" ind1=" " ind2="4">
   <subfield code="a">Τράπεζες και τραπεζικές εργασίες.</subfield>
  </datafield>
  <datafield tag="650" ind1=" " ind2="4">
   <subfield code="a">Corporations</subfield>
   <subfield code="x">Finance.</subfield>
  </datafield>
  <datafield tag="650" ind1=" " ind2="4">
   <subfield code="a">Business enterprises</subfield>
   <subfield code="x">Finance.</subfield>
  </datafield>
  <datafield tag="650" ind1=" " ind2="4">
   <subfield code="a">Investments.</subfield>
  </datafield>
  <datafield tag="650" ind1=" " ind2="4">
   <subfield code="a">Capital.</subfield>
  </datafield>
  <datafield tag="650" ind1=" " ind2="4">
   <subfield code="a">Financial management.</subfield>
  </datafield>
  <datafield tag="650" ind1=" " ind2="4">
   <subfield code="a">Banks and banking.</subfield>
  </datafield>
  <datafield tag="650" ind1=" " ind2="4">
   <subfield code="a">Bank management.</subfield>
  </datafield>
  <datafield tag="650" ind1=" " ind2="4">
   <subfield code="a">Managerial economics.</subfield>
  </datafield>
  <datafield tag="700" ind1="1" ind2=" ">
   <subfield code="a">Ηρειώτης, Νικόλαος.</subfield>
  </datafield>
  <datafield tag="852" ind1=" " ind2=" ">
   <subfield code="a">INST</subfield>
   <subfield code="b">UNIPILB</subfield>
   <subfield code="c">EUDOXOS</subfield>
   <subfield code="e">20190516</subfield>
   <subfield code="h">658.15 ΒΑΣ</subfield>
   <subfield code="p">00181296</subfield>
   <subfield code="q">00181296</subfield>
   <subfield code="t">EUDOX</subfield>
   <subfield code="y">0</subfield>
   <subfield code="4">3</subfield>
  </datafield>
  <datafield tag="852" ind1=" " ind2=" ">
   <subfield code="a">INST</subfield>
   <subfield code="b">UNIPILB</subfield>
   <subfield code="c">EUDOXOS</subfield>
   <subfield code="e">20190516</subfield>
   <subfield code="h">658.15 ΒΑΣ</subfield>
   <subfield code="p">00181297</subfield>
   <subfield code="q">00181297</subfield>
   <subfield code="t">EUDOX</subfield>
   <subfield code="y">0</subfield>
   <subfield code="4">2</subfield>
  </datafield>
  <datafield tag="852" ind1=" " ind2=" ">
   <subfield code="a">INST</subfield>
   <subfield code="b">UNIPILB</subfield>
   <subfield code="c">EUDOXOS</subfield>
   <subfield code="e">20190516</subfield>
   <subfield code="h">658.15 ΒΑΣ</subfield>
   <subfield code="p">00181298</subfield>
   <subfield code="q">00181298</subfield>
   <subfield code="t">EUDOX</subfield>
   <subfield code="y">4</subfield>
   <subfield code="x">20191118</subfield>
   <subfield code="4">1</subfield>
  </datafield>
  <datafield tag="852" ind1=" " ind2=" ">
   <subfield code="a">INST</subfield>
   <subfield code="b">UNIPILB</subfield>
   <subfield code="c">EUDOXOS</subfield>
   <subfield code="e">20190619</subfield>
   <subfield code="h">658.15 ΒΑΣ</subfield>
   <subfield code="p">00181631</subfield>
   <subfield code="q">00181631</subfield>
   <subfield code="t">EUDOX</subfield>
   <subfield code="y">0</subfield>
   <subfield code="4">4</subfield>
  </datafield>
  <datafield tag="852" ind1=" " ind2=" ">
   <subfield code="a">INST</subfield>
   <subfield code="b">UNIPILB</subfield>
   <subfield code="c">EUDOXOS</subfield>
   <subfield code="e">20200117</subfield>
   <subfield code="h">658.15 ΒΑΣ</subfield>
   <subfield code="p">00182147</subfield>
   <subfield code="q">00182147</subfield>
   <subfield code="t">EUDOX</subfield>
   <subfield code="y">0</subfield>
   <subfield code="4">5</subfield>
  </datafield>
  <datafield tag="852" ind1=" " ind2=" ">
   <subfield code="a">INST</subfield>
   <subfield code="b">UNIPILB</subfield>
   <subfield code="c">MAIN</subfield>
   <subfield code="e">20200723</subfield>
   <subfield code="h">658.15 ΒΑΣ</subfield>
   <subfield code="p">00183504</subfield>
   <subfield code="q">00183504</subfield>
   <subfield code="t">LOAN</subfield>
   <subfield code="y">0</subfield>
   <subfield code="4">7</subfield>
  </datafield>
  <datafield tag="852" ind1=" " ind2=" ">
   <subfield code="a">INST</subfield>
   <subfield code="b">UNIPILB</subfield>
   <subfield code="c">MAIN</subfield>
   <subfield code="e">20200723</subfield>
   <subfield code="h">658.15 ΒΑΣ</subfield>
   <subfield code="p">00183505</subfield>
   <subfield code="q">00183505</subfield>
   <subfield code="t">LOAN</subfield>
   <subfield code="y">0</subfield>
   <subfield code="4">6</subfield>
  </datafield>
 </record>
</collection>
